[Event "Regionalliga SO 9596"]
[Site "Bayern"]
[Date "1996.05.19"]
[Round "9"]
[White "Grimm, Markus"]
[Black "Beckert, Stefan"]
[Result "0-1"]
[WhiteElo "1880"]
[BlackElo "1935"]
[PlyCount "126"]
[EventDate "1995.10.15"]
[EventType "team-tourn"]
[EventRounds "9"]
[EventCountry "GER"]
[SourceTitle "EXT 1999"]
[Source "ChessBase"]
[SourceDate "1998.11.16"]
[SourceVersion "1"]
[SourceVersionDate "1998.11.16"]
[SourceQuality "1"]
[WhiteTeam "Straubing PSV"]
[BlackTeam "Passau II"]
[WhiteTeamCountry "GER"]
[BlackTeamCountry "GER"]

1. e4 e6 2. d4 d5 3. Nd2 dxe4 4. Nxe4 Nd7 5. Nf3 Ngf6 6. Ng3 Be7 7. Bd3 0-0 8. 0-0 c5 9. c3 b6 10. Qe2 Bb7 11. Re1 Qc7 12. Bd2 Rad8 13. dxc5 Nxc5 14. Bc2 Bxf3 15. gxf3 Nd5 16. Rad1 Nf4 17. Qc4 Bd6 18. Bc1 Ncd3 19. Bxd3 Nxd3 20. Qxc7 Bxc7 21. Re2 Nxc1 22. Rxc1 Rd3 23. Kg2 Rfd8 24. Ne4 Bf4 25. Rce1 Rd1 26. Rxd1 Rxd1 27. Rc2 f5 28. Ng3 Rd2 29. Rxd2 Bxd2 30. Ne2 e5 31. Kg3 Kf7 32. Kg2 Ke6 33. Kf1 Kd5 34. Ng3 g6 35. Ke2 Bc1 36. b3 b5 37. Kd3 Bf4 38. Nf1 e4+ 39. fxe4+ fxe4+ 40. Kc2 Kc5 41. h3 h5 42. Kd1 Be5 43. Kc2 Bf6 44. Ne3 Bh4 45. Nd1 Bg5 46. Nb2 Bf4 47. Kd1 Be5 48. Kc2 Bf4 49. Kd1 Kd5 50. Ke2 h4 51. Nd1 Be5 52. Ke3 g5 53. Ke2 Kc5 54. f3 exf3+ 55. Kxf3 b4 56. cxb4+ Kxb4 57. Ne3 Bg3 58. Nf5 Be1 59. Ke2 Bc3 60. Kd3 Be5 61. Ne3 Bd6 62. Nc2+ Kc5 63. Ke4 Bf4 0-1

[Event "Regionalliga SO 9596"]
[Site "Bayern"]
[Date "1995.12.03"]
[Round "3"]
[White "Beckert, Stefan"]
[Black "Kislinger, Georg"]
[Result "0-1"]
[WhiteElo "1935"]
[BlackElo "2025"]
[PlyCount "62"]
[EventDate "1995.10.15"]
[EventType "team-tourn"]
[EventRounds "9"]
[EventCountry "GER"]
[SourceTitle "EXT 1999"]
[Source "ChessBase"]
[SourceDate "1998.11.16"]
[SourceVersion "1"]
[SourceVersionDate "1998.11.16"]
[SourceQuality "1"]
[WhiteTeam "Passau II"]
[BlackTeam "Ebersberg Grafing"]
[WhiteTeamCountry "GER"]
[BlackTeamCountry "GER"]

1. Nf3 Nf6 2. c4 e6 3. Nc3 c5 4. d4 cxd4 5. Nxd4 a6 6. g3 Qc7 7. Qa4 b6 8. Bg2 Bb7 9. 0-0 Bxg2 10. Kxg2 Be7 11. e4 0-0 12. Nf3 d6 13. Nd2 Nbd7 14. Qc2 Rfc8 15. f4 b5 16. cxb5 axb5 17. Qd3 b4 18. Nd1 Qb7 19. Qf3 Nc5 20. Nf2 Ra6 21. a3 d5 22. e5 Nfe4 23. Nd3 Nxd3 24. Qxd3 bxa3 25. bxa3 Rc3 26. Rb1 Qc8 27. Rb8 Qxb8 28. Qxa6 Rc2 29. Rd1 Nc3 30. Qd3 Nxd1 31. Qxc2 Ne3+ 0-1

[Event "Regionalliga SO 9495"]
[Site "Bayern"]
[Date "1995.??.??"]
[Round "?.8"]
[White "Beckert, Stefan"]
[Black "Larcher, Hans"]
[Result "1-0"]
[WhiteElo "1915"]
[BlackElo "1985"]
[PlyCount "99"]
[EventDate "1994.10.??"]
[EventType "team-tourn"]
[EventRounds "9"]
[EventCountry "GER"]
[SourceTitle "EXT 1999"]
[Source "ChessBase"]
[SourceDate "1998.11.16"]
[SourceVersion "1"]
[SourceVersionDate "1998.11.16"]
[SourceQuality "1"]
[WhiteTeam "Passau II"]
[BlackTeam "Pang/Rosenheim II"]
[WhiteTeamCountry "GER"]
[BlackTeamCountry "GER"]

1. e4 c5 2. Nf3 Nc6 3. d4 cxd4 4. Nxd4 Nf6 5. Nc3 d6 6. Bg5 e6 7. Qd2 Be7 8. 0-0-0 h6 9. Bxf6 Bxf6 10. Ndb5 0-0 11. Nxd6 Nb4 12. Kb1 Qb6 13. e5 Be7 14. f4 Bd7 15. Qd4 Bc6 16. a3 Qxd4 17. Rxd4 Nd5 18. Nxd5 Bxd5 19. c4 Bc6 20. b4 a6 21. c5 Bd5 22. Rg1 f6 23. Bc4 fxe5 24. fxe5 Bxd6 25. cxd6 Bxc4 26. Rxc4 Rf5 27. Rd1 b5 28. Rc7 Kf8 29. d7 Rd8 30. Ra7 Rxe5 31. Rxa6 Re2 32. Rb6 Ke7 33. Rxb5 Rxg2 34. a4 Rxd7 35. Rxd7+ Kxd7 36. h4 Kd6 37. a5 g5 38. a6 Rg1+ 39. Kb2 Rg2+ 40. Kb3 Rg3+ 41. Ka4 Rg1 42. Rb6+ Kd5 43. Kb5 Ra1 44. hxg5 hxg5 45. Rb8 Ke4 46. Kb6 g4 47. a7 g3 48. a8Q+ Rxa8 49. Rxa8 Kf3 50. Rf8+ 1-0